000 00262nam a22001217a 4500
008 170421b xxu||||| |||| 00| 0 eng d
041 _aALB
080 _a573
100 _a11
101 _aSHM
245 _aEKINOKOKOZA E MUSHKERIVE
_cELEZI, B
942 _2udc
_cBK
999 _c11381
_d11381